|
|
|
|
| LEADER |
00000nam a2200000 i 4500 |
| 001 |
1/41776 |
| 008 |
031008s2001 gre d |
| 020 |
|
|
|a 9603513520
|
| 035 |
|
|
|l 10071050
|
| 040 |
|
|
|a GR-MY-UA
|b gre
|e aacr
|
| 041 |
0 |
|
|a gre
|
| 082 |
0 |
|
|a 339.076
|
| 100 |
1 |
|
|a Παλαιολόγος, Ιωάννης Μ.
|d 1948-
|
| 245 |
1 |
0 |
|a Ασκήσεις μακροοικονομικής θεωρίας /
|c Γιάννη Παλαιολόγου
|
| 260 |
|
|
|a Αθήνα :
|b Σταμούλη,
|c 2001
|
| 300 |
|
|
|a 262 σ.;
|b εικ.;
|c 24 εκ.
|
| 504 |
|
|
|a Περιέχει βιβλιογραφικές παραπομπές
|
| 650 |
0 |
0 |
|a Macroeconomics
|x Problems, exercises, etc.
|
| 852 |
|
|
|a INST
|b SAMOS
|e 20031008
|h 339.076 ΠΑΛ
|p 005300023846
|q 005300023846
|t BK
|y 0
|
| 901 |
|
|
|a BIBL3-2003-3
|
| 909 |
|
|
|a Σ
|b 106467
|
| 922 |
|
|
|a 3ΕΛΗ
|b 200308
|c ΤΣΑΕ
|d ΠΑΠΑΣΩΤΗΡΙΟΥ Α.Ε.
|
| 950 |
|
|
|a 184-2003-08-25
|
| 970 |
|
|
|a ΚΟΣΙΕΡΗΣ
|b ΧΡΗΣΤΟΣ
|z 2003/10/08
|